000 00369nam a2200169Ia 4500
003 0STCL
008 150530s9999 xx 000 0 und d
040 _aSTCL
_cSTCL
100 _aSusheel Kumar
245 _aMahakavi Kalidas
260 _bUmesh Prakashan
_c1988
300 _a0
546 _aHindi
942 _2ddc
_cBK
999 _c65463
_d65463
005 20220125171306.0